|
000
|
01001nam0 2200253 450
|
|
001
|
012022000071
|
|
005
|
20211229161000.0
|
|
010
|
|
@a978-7-5180-8399-2@dCNY39.80
|
|
100
|
|
@a20211227d2022 em y0chiy50 ea
|
|
101
|
0
|
@achi
|
|
102
|
|
@aCN@b110000
|
|
105
|
|
@ay a 000yy
|
|
106
|
|
@ar
|
|
200
|
1
|
@a心态与格局@Axin tai yu ge ju@f李宏瑛编著
|
|
210
|
|
@a北京@c中国纺织出版社有限公司@d2022.1
|
|
215
|
|
@a183页@d21cm
|
|
314
|
|
@a李宏瑛, 四川省蜀铭文化传播有限公司创始人。
|
|
320
|
|
@a有书目 (第183页)
|
|
330
|
|
@a虚荣心人人都有, 但过度的虚荣会导致心态狭隘, 格局变小, 进而限制一个人的高度。我们不能为了虚荣, 带着虚伪的面具生存, 久而久之, 甚至忘却如何做自己。本书从心理学角度出发, 剖析生活中大部分人的虚荣心理, 告诉人们要放松心态, 放宽格局, 才能活出自我的风采, 拥有幸福的人生。
|
|
606
|
0
|
@a成功心理@Acheng gong xin li@j通俗读物
|
|
690
|
|
@aB848.4@v5
|
|
701
|
0
|
@a李宏瑛@Ali hong ying@4编著
|
|
801
|
0
|
@aCN@bCDNYKJZYXY@c20211227
|
|
905
|
|
@aCDNYKJZYXY@b300652663-5@dB848.4@e846@f3
|
|
|
|
|
| |
| 心态与格局/李宏瑛编著.-北京:中国纺织出版社有限公司,2022.1 |
| 183页;21cm |
| |
| |
| ISBN 978-7-5180-8399-2:CNY39.80 |
| 虚荣心人人都有, 但过度的虚荣会导致心态狭隘, 格局变小, 进而限制一个人的高度。我们不能为了虚荣, 带着虚伪的面具生存, 久而久之, 甚至忘却如何做自己。本书从心理学角度出发, 剖析生活中大部分人的虚荣心理, 告诉人们要放松心态, 放宽格局, 才能活出自我的风采, 拥有幸福的人生。 |
| ● |
正题名:心态与格局
索取号:B848.4/846
 
预约/预借
| 序号
|
登录号
|
条形码
|
馆藏地/架位号
|
状态
|
备注
|
|
1
|
652663
|
300652663
|
柳城-5楼/32架9列2层/
[索取号:B848.4/846]
|
在馆
|
|
|
2
|
652664
|
300652664
|
柳城-5楼/32架9列2层/
[索取号:B848.4/846]
|
在馆
|
|
|
3
|
652665
|
300652665
|
柳城-5楼/32架9列2层/
[索取号:B848.4/846]
|
在馆
|
|